000 00430nam a2200181Ia 4500
008 090124s9999 xx 000 0 und d
082 _b20366
_a2266
100 _aकमलाकर
245 _a कमलिनी
250 _a1
260 _c1974
300 _a56
600 _aकमलाकर
630 _a कमलिनी
700 _aकमलाकर
730 _a कमलिनी
942 _cBOOK
999 _c134172
_d134172